[Event "Belgrade-chT Quality"]
[Site "Belgrade"]
[Date "2018.09.24"]
[Round "7.5"]
[White "Ivanovic, Marko"]
[Black "Milic, Dragan"]
[Result "1-0"]
[WhiteElo "2054"]
[BlackElo "2073"]
[PlyCount "103"]
[EventDate "2018.09.17"]
[EventType "team-tourn"]
[EventRounds "11"]
[EventCountry "SRB"]
[SourceTitle "CBM 186 Extra"]
[Source "ChessBase"]
[SourceDate "2018.08.24"]
[SourceVersion "1"]
[SourceVersionDate "2018.08.24"]
[SourceQuality "1"]
[WhiteTeam "Tadic"]
[BlackTeam "Belgrade PTT"]
[WhiteTeamCountry "SRB"]
[BlackTeamCountry "SRB"]

1. e4 d6 2. d4 Nf6 3. Nc3 e5 4. Nf3 exd4 5. Nxd4 Be7 6. Qf3 0-0 7. Nf5 Bxf5 8. Qxf5 Nc6 9. Be3 Qd7 10. Qf4 Qg4 11. Be2 Qxf4 12. Bxf4 a6 13. 0-0-0 b5 14. a3 Rfb8 15. f3 b4 16. axb4 Rxb4 17. b3 Ne5 18. g4 c6 19. h4 h5 20. Bxe5 dxe5 21. g5 Ne8 22. Rd7 Kf8 23. Rhd1 Rbb8 24. Bc4 Rd8 25. Rxd8 Bxd8 26. Na4 Ke7 27. Nc5 Nd6 28. Bxf7 Bb6 29. Rxd6 Bxc5 30. Rxc6 Be3+ 31. Kb2 Kxf7 32. g6+ Ke7 33. Rc7+ Ke6 34. Rxg7 Kf6 35. Rd7 Bf2 36. Rd6+ Kg7 37. c4 Bxh4 38. c5 Be7 39. Rd7 Kf6 40. c6 h4 41. g7 h3 42. c7 Rg8 43. Rd8 h2 44. Rxg8 h1Q 45. c8Q Qg2+ 46. Qc2 Qf1 47. Re8 Ba3+ 48. Kxa3 Qa1+ 49. Qa2 Qc1+ 50. Qb2 Qc5+ 51. b4 Qe3+ 52. Ka2 1-0

[Event "Belgrade-chT Quality"]
[Site "Belgrade"]
[Date "2018.09.19"]
[Round "3.5"]
[White "Vujacic, Borivoje"]
[Black "Milic, Dragan"]
[Result "1-0"]
[WhiteElo "2237"]
[BlackElo "2073"]
[PlyCount "77"]
[EventDate "2018.09.17"]
[EventType "team-tourn"]
[EventRounds "11"]
[EventCountry "SRB"]
[SourceTitle "CBM 186 Extra"]
[Source "ChessBase"]
[SourceDate "2018.08.24"]
[SourceVersion "1"]
[SourceVersionDate "2018.08.24"]
[SourceQuality "1"]
[WhiteTeam "Crvena Zvezda"]
[BlackTeam "Belgrade PTT"]
[WhiteTeamCountry "SRB"]
[BlackTeamCountry "SRB"]

1. e4 d6 2. d4 Nf6 3. Nc3 e5 4. Nf3 exd4 5. Nxd4 Be7 6. Be2 0-0 7. 0-0 Re8 8. f4 Bf8 9. Bf3 Na6 10. b3 Nc5 11. Re1 c6 12. Bb2 Qb6 13. Kh1 a5 14. a3 a4 15. b4 Ne6 16. Nde2 Nc7 17. Qd3 Bg4 18. Ng3 Bxf3 19. Qxf3 Re6 20. Nce2 d5 21. e5 Nd7 22. Nd4 Ree8 23. Ndf5 Re6 24. Nd6 Bxd6 25. exd6 Rae8 26. Rxe6 Nxe6 27. Nf5 Ndc5 28. Ne7+ Kf8 29. f5 Ne4 30. h3 Nxd6 31. fxe6 Rxe7 32. Qg3 Nf5 33. Qb8+ Re8 34. e7+ Kxe7 35. Qe5+ Kf8 36. Qxf5 Re4 37. Qxh7 Qf2 38. Qxg7+ Ke8 39. Bf6 1-0

[Event "Belgrade-chT Premier"]
[Site "Belgrade"]
[Date "2017.09.21"]
[Round "4.1"]
[White "Svicevic, Rastko"]
[Black "Milic, Dragan"]
[Result "1-0"]
[WhiteElo "2215"]
[BlackElo "2108"]
[PlyCount "71"]
[EventDate "2017.09.18"]
[EventType "team"]
[EventRounds "9"]
[EventCountry "SRB"]
[SourceTitle "CBM 180 Extra"]
[Source "ChessBase"]
[SourceDate "2017.10.06"]
[SourceVersion "1"]
[SourceVersionDate "2017.10.06"]
[SourceQuality "1"]
[WhiteTeam "Rudovci Radnicki"]
[BlackTeam "Belgrade PTT"]
[WhiteTeamCountry "SRB"]
[BlackTeamCountry "SRB"]

1. e4 c6 2. d4 d5 3. exd5 cxd5 4. Bd3 Nc6 5. c3 Nf6 6. Bf4 Bg4 7. Qb3 Qc8 8. Nd2 e6 9. Ngf3 Be7 10. 0-0 0-0 11. Ne5 Bh5 12. Rae1 Nxe5 13. dxe5 Nd7 14. c4 Nc5 15. Bxh7+ Kxh7 16. Qh3 g6 17. g4 Nd3 18. gxh5 Nxf4 19. hxg6+ Kxg6 20. Qg4+ Bg5 21. h4 Nh3+ 22. Kh2 f5 23. exf6 e5 24. Qxc8 Raxc8 25. hxg5 Rh8 26. Rxe5 Nxg5+ 27. Kg3 dxc4 28. f4 Nf7 29. f5+ Kxf6 30. Re6+ Kg7 31. Rg6+ Kf8 32. Ne4 Re8 33. Rf4 Ne5 34. Rf6+ Ke7 35. Re6+ Kd7 36. Nf6+ 1-0

[Event "Belgrade-chT Quality"]
[Site "Belgrade"]
[Date "2016.10.25"]
[Round "9.2"]
[White "Cvetkovic, Gordan"]
[Black "Milic, Dragan"]
[Result "1/2-1/2"]
[WhiteElo "1850"]
[BlackElo "2096"]
[PlyCount "85"]
[EventDate "2016.10.01"]
[EventType "team-tourn"]
[EventRounds "11"]
[EventCountry "SRB"]
[SourceTitle "EXT 2018"]
[Source "ChessBase"]
[SourceDate "2017.10.13"]
[SourceVersion "1"]
[SourceVersionDate "2017.10.13"]
[SourceQuality "1"]

1. e4 e5 2. Nf3 d6 3. d4 exd4 4. Nxd4 Nf6 5. Nc3 Be7 6. Bc4 0-0 7. f3 c6 8. Be3 Re8 9. Qd2 Qa5 10. a3 a6 11. Ba2 d5 12. exd5 cxd5 13. Nxd5 Qxd2+ 14. Kxd2 Nxd5 15. Bxd5 Rd8 16. c4 Nc6 17. Kc3 Bf6 18. Rad1 Be6 19. Bxc6 bxc6 20. Kc2 Bxc4 21. Nf5 Be2 22. Rd2 Bc4 23. Bb6 Rxd2+ 24. Kxd2 Bxb2 25. Ne7+ Kh8 26. a4 Re8 27. Bc5 Bf6 28. Rb1 h6 29. Rb7 Kh7 30. Ke3 Rd8 31. Rb4 Bf1 32. Kf2 Rd1 33. Nxc6 Bd3 34. Bd4 Bg5 35. Ne5 Rf1+ 36. Kg3 Bf5 37. Nxf7 Bd2 38. Rb7 Rd1 39. Be5 Bd7 40. Kf2 Bc8 41. Rc7 Rc1 42. Ke2 Rxc7 43. Bxc7 1/2-1/2

[Event "Belgrade-chT"]
[Site "Belgrade"]
[Date "2014.09.27"]
[Round "8.1"]
[White "Jovanovic, Sasa T"]
[Black "Milic, Dragan"]
[Result "1/2-1/2"]
[WhiteElo "2250"]
[BlackElo "2075"]
[PlyCount "84"]
[EventDate "2014.09.20"]
[EventType "team-tourn"]
[EventRounds "11"]
[EventCountry "SRB"]
[SourceTitle "CBM 162 Extra"]
[Source "ChessBase"]
[SourceDate "2014.10.17"]
[SourceVersion "1"]
[SourceVersionDate "2014.10.17"]
[SourceQuality "1"]
[WhiteTeam "Belgrade"]
[BlackTeam "Belgrade PTT"]
[WhiteTeamCountry "SRB"]
[BlackTeamCountry "SRB"]

1. d4 d5 2. c4 c6 3. e3 Nf6 4. Nc3 a6 5. Bd3 g6 6. Nf3 Bg7 7. 0-0 0-0 8. h3 Nbd7 9. cxd5 cxd5 10. b3 Re8 11. Bb2 b6 12. Ne5 Nxe5 13. dxe5 Nd7 14. Nxd5 Nxe5 15. Be4 Ra7 16. Bd4 Nd7 17. Bxg7 Kxg7 18. Nb4 Ne5 19. Rc1 a5 20. Nc6 Nxc6 21. Bxc6 Bd7 22. Qd4+ e5 23. Qa4 Re6 24. Bxd7 Rxd7 25. b4 axb4 26. Qxb4 Red6 27. Qb5 Qf6 28. a4 Ra7 29. Rc8 Rad7 30. Rb8 Qe6 31. h4 h5 32. g3 Qf6 33. Rxb6 Rxb6 34. Qxd7 Rb2 35. Qd5 Rb4 36. Qa2 Qf3 37. Ra1 g5 38. Qd2 gxh4 39. e4 Rxe4 40. Ra3 Qxa3 41. Qg5+ Kf8 42. Qd8+ Kg7 1/2-1/2

[Event "Belgrade-chT"]
[Site "Belgrade"]
[Date "2014.09.23"]
[Round "4.3"]
[White "Keserovic, Milan"]
[Black "Milic, Dragan"]
[Result "1/2-1/2"]
[WhiteElo "2209"]
[BlackElo "2075"]
[PlyCount "42"]
[EventDate "2014.09.20"]
[EventType "team-tourn"]
[EventRounds "11"]
[EventCountry "SRB"]
[SourceTitle "CBM 162 Extra"]
[Source "ChessBase"]
[SourceDate "2014.10.17"]
[SourceVersion "1"]
[SourceVersionDate "2014.10.17"]
[SourceQuality "1"]
[WhiteTeam "Romanticari"]
[BlackTeam "Belgrade PTT"]
[WhiteTeamCountry "SRB"]
[BlackTeamCountry "SRB"]

1. e4 c6 2. d4 d5 3. Nd2 dxe4 4. Nxe4 Bf5 5. Ng3 Bg6 6. Nf3 Nd7 7. h3 h6 8. Bd3 Bxd3 9. Qxd3 e6 10. Bf4 Qa5+ 11. Bd2 Qc7 12. 0-0-0 Ngf6 13. Kb1 Bd6 14. Ne4 Nxe4 15. Qxe4 0-0-0 16. c4 Nf6 17. Qe2 c5 18. Bc3 cxd4 19. Nxd4 a6 20. Nb3 Qc6 21. Ba5 Bc7 1/2-1/2

[Event "Belgrade-chT"]
[Site "Belgrade"]
[Date "2011.10.09"]
[Round "8.6"]
[White "Milic, Dragan"]
[Black "Velikic, Adela"]
[Result "1/2-1/2"]
[WhiteElo "2102"]
[BlackElo "1907"]
[PlyCount "20"]
[EventDate "2011.10.01"]
[EventType "team-tourn"]
[EventRounds "11"]
[EventCountry "SRB"]
[SourceTitle "CBM 144 Extra"]
[Source "ChessBase"]
[SourceDate "2011.10.28"]
[SourceVersion "1"]
[SourceVersionDate "2011.10.28"]
[SourceQuality "1"]
[WhiteTeam "Belgrade PTT"]
[BlackTeam "Delfin"]
[WhiteTeamCountry "YUG"]
[BlackTeamCountry "YUG"]

1. e4 c6 2. d4 d5 3. Nd2 dxe4 4. Nxe4 Bf5 5. Ng3 Bg6 6. h4 h6 7. Nf3 Nd7 8. h5 Bh7 9. Bd3 Bxd3 10. Qxd3 Ngf6 1/2-1/2

[Event "Belgrade-chT"]
[Site "Belgrade"]
[Date "2011.10.08"]
[Round "7.2"]
[White "Milic, Dragan"]
[Black "Milutinovic, Dejan D"]
[Result "1/2-1/2"]
[WhiteElo "2102"]
[BlackElo "2079"]
[PlyCount "24"]
[EventDate "2011.10.01"]
[EventType "team-tourn"]
[EventRounds "11"]
[EventCountry "SRB"]
[SourceTitle "CBM 144 Extra"]
[Source "ChessBase"]
[SourceDate "2011.10.28"]
[SourceVersion "1"]
[SourceVersionDate "2011.10.28"]
[SourceQuality "1"]
[WhiteTeam "Belgrade PTT"]
[BlackTeam "Mladenovac"]
[WhiteTeamCountry "YUG"]
[BlackTeamCountry "YUG"]

1. e4 e5 2. Nf3 f5 3. Nxe5 Qf6 4. d4 d6 5. Nc4 fxe4 6. Ne3 c6 7. Bc4 d5 8. Bb3 Nh6 9. c4 Bb4+ 10. Nc3 Bxc3+ 11. bxc3 0-0 12. Qc2 dxc4 1/2-1/2

[Event "SRB-chT"]
[Site "Belgrade"]
[Date "2010.10.01"]
[Round "1"]
[White "Milic, Dragan"]
[Black "Lukovic, Vladimir"]
[Result "1/2-1/2"]
[WhiteElo "2089"]
[BlackElo "2201"]
[PlyCount "104"]
[EventDate "2010.10.01"]
[EventType "team-tourn"]
[EventRounds "11"]
[EventCountry "YUG"]
[SourceTitle "CBM 138 Extra"]
[Source "ChessBase"]
[SourceDate "2010.10.29"]
[SourceVersion "1"]
[SourceVersionDate "2010.10.29"]
[SourceQuality "1"]

1. d4 d5 2. Nf3 Nf6 3. c4 c6 4. Nc3 a6 5. c5 g6 6. Bf4 Bg7 7. h3 0-0 8. e3 Nfd7 9. Be2 e5 10. Bg5 f6 11. Bh4 e4 12. Nd2 g5 13. Bg3 f5 14. Bd6 Rf7 15. Qb3 Bf8 16. Bh5 Rf6 17. Nxd5 cxd5 18. Qxd5+ Kh8 19. Be5 Qe7 20. Bxf6+ Nxf6 21. Qf7 Be6 22. Qxe7 Bxe7 23. Be2 Nc6 24. a3 a5 25. 0-0 Nd5 26. Bc4 Bg8 27. Rae1 Re8 28. Re2 Bf6 29. Rb1 f4 30. Bxd5 Bxd5 31. b4 axb4 32. axb4 fxe3 33. fxe3 Kg7 34. Kh1 Ra8 35. Nf1 Bc4 36. Rf2 Bd3 37. Rc1 Nxb4 38. Ng3 Nd5 39. Nh5+ Kg6 40. g4 Ba6 41. Rb2 Nxe3 42. Rxb7 Bxd4 43. c6 Be2 44. Rd7 Bf3+ 45. Kg1 Nd5+ 46. Kf1 e3 47. c7 e2+ 48. Ke1 Bc3+ 49. Kf2 e1Q+ 50. Rxe1 Bxe1+ 51. Kxe1 Nxc7 52. Rxc7 Bg2 1/2-1/2

[Event "Belgrade Winter op"]
[Site "Belgrade"]
[Date "2008.01.26"]
[Round "5"]
[White "Kerecki, Ljubisa"]
[Black "Milic, Dragan"]
[Result "1-0"]
[WhiteElo "2169"]
[BlackElo "2031"]
[PlyCount "145"]
[EventDate "2008.01.22"]
[EventType "swiss"]
[EventRounds "9"]
[EventCountry "YUG"]
[SourceTitle "CBM 122 Extra"]
[Source "ChessBase"]
[SourceDate "2008.03.04"]
[SourceVersion "1"]
[SourceVersionDate "2008.03.04"]
[SourceQuality "1"]

1. e4 c5 2. Nf3 d6 3. d4 cxd4 4. Nxd4 Nf6 5. Nc3 a6 6. Be2 e5 7. Nb3 Be7 8. 0-0 0-0 9. Kh1 Qc7 10. f4 Be6 11. f5 Bc4 12. Bg5 Nbd7 13. Bxc4 Qxc4 14. Qf3 b5 15. a3 a5 16. Nd2 Qc5 17. Qd3 b4 18. Be3 Qc6 19. Nd5 Nxd5 20. exd5 Qc7 21. Ne4 Nf6 22. Nxf6+ Bxf6 23. axb4 axb4 24. Qe4 Rfc8 25. Rxa8 Rxa8 26. g4 h6 27. Rf2 Ra1+ 28. Kg2 Re1 29. Qd3 Rb1 30. b3 Qa5 31. Rf1 Qa1 32. Rxb1 Qxb1 33. Bb6 Qe1 34. Bf2 Qb1 35. h4 Qb2 36. Be1 Qc1 37. Qd2 Qb1 38. Qe2 Qc1 39. Bxb4 Bxh4 40. Bxd6 f6 41. Bc5 Qf4 42. d6 Qg3+ 43. Kf1 Qh3+ 44. Qg2 Qc3 45. Qd5+ Kh7 46. Bf2 Bxf2 47. Kxf2 Qxc2+ 48. Ke3 Qc3+ 49. Ke2 Qc2+ 50. Kf1 Qc1+ 51. Ke2 Qc2+ 52. Qd2 Qxb3 53. d7 e4 54. d8Q Qf3+ 55. Ke1 Qh1+ 56. Kf2 Qf3+ 57. Kg1 Qg3+ 58. Kf1 e3 59. Qg2 Qe5 60. Qdd5 e2+ 61. Ke1 Qa1+ 62. Kxe2 Qb2+ 63. Kf3 Qc3+ 64. Kf2 Qb2+ 65. Kg1 Qc1+ 66. Kh2 Qf4+ 67. Qg3 Qc1 68. Qgf3 Qb2+ 69. Kh3 Qb8 70. Qf7 Qc8 71. Q3b3 Qa8 72. Qfb7 Qa1 73. Qd3 1-0